| 000 | 00518nam a2200169 a 4500 | ||
|---|---|---|---|
| 001 | 000046349 | ||
| 005 | 20230131091613.0 | ||
| 008 | 150731s2015 dr a 000 0 spa d | ||
| 020 | _a9789945588408 | ||
| 040 |
_aDO-SdBNP _bspa _cBNPHU |
||
| 082 |
_axxxxxxxxx _bxxxxxxxxx |
||
| 100 | 1 |
_aContreras, Marivell _912302 |
|
| 245 | 1 | 0 |
_aDaniel y el ave / _cMarivell Contreras. |
| 260 |
_aSanto Domingo : _bMuñequitos, _c2015. |
||
| 300 |
_a10 p. : _bil., ; _c14 cm. |
||
| 500 | _aIncluye datos biográficos en la contracubierta | ||
| 999 |
_c45838 _d45838 |
||